| 000 | 00793nam a22002657a 4500 | ||
|---|---|---|---|
| 005 | 20210922102517.0 | ||
| 008 | 210819b xxu||||| |||| 00| 0 spa d | ||
| 020 | _a9788494877735 | ||
| 041 | _aspa | ||
| 082 | _a658 F363e | ||
| 110 |
_aFernández Fernández, José Luis _961470 |
||
| 245 | _aEmpresa y gestión sostenible: hacia una ética del management | ||
| 260 | _aEspaña | ||
| 260 | _bDigital Reasons | ||
| 260 | _c2018 | ||
| 300 | _a162 páginas | ||
| 650 |
_aADMINISTRACIÓN DE EMPRESAS _9521 |
||
| 650 |
_aSOSTENIBILIDAD EMPRESARIAL _918340 |
||
| 650 |
_aPARADIGMA DE LA EMPRESA _961471 |
||
| 650 |
_aECONOMÍA NEOCLÁSICA _961472 |
||
| 650 |
_aTEORÍAS DE EMPRESAS _961473 |
||
| 650 |
_aÉTICA EMPRESARIAL _9389 |
||
| 650 |
_aÉTICA DEL DIRECTIVO _961474 |
||
| 942 | _cBK | ||
| 999 |
_c13148 _d13148 |
||